History Quiz

Random History or Politics Quiz

UN Secretaries-General Countries Quiz Stats

 Plays Quiz Updated May 1, 2018

Challenge
Share
Tweet
Embed
Score 0/9 Timer 02:00
3 Plays Today
Country % Correct
South Korea
82.8%
Sweden
74%
Norway
66.2%
Egypt
64.5%
Ghana
61.9%
Austria
49.8%
Portugal
47.2%
Myanmar
36.1%
Peru
32.9%

You're not logged in!

Compare scores with friends on all Sporcle quizzes.
OR
Log In

You Might Also Like...

Show Comments

Extras

Top Quizzes Today


Score Distribution

Your Account Isn't Verified!

In order to create a playlist on Sporcle, you need to verify the email address you used during registration. Go to your Sporcle Settings to finish the process.

Report this User

Report this user for behavior that violates our Community Guidelines.

Details: